|
|
|
|
| LEADER |
00000nam0a2200000 4500 |
| 001 |
187492 |
| 005 |
20231101224054.0 |
| 010 |
|
|
|a 9785903383405
|
| 035 |
|
|
|a (RuTPU)RU\TPU\book\203452
|
| 090 |
|
|
|a 187492
|
| 100 |
|
|
|a 20101117d2009 m y0rusy50 ca
|
| 101 |
0 |
|
|a rus
|
| 102 |
|
|
|a RU
|
| 105 |
|
|
|a a j 001zy
|
| 200 |
1 |
|
|a Электротехника и электрические машины
|e учебное пособие для вузов
|f Э. Л. Мальц, Ю. Н. Мустафаев
|
| 210 |
|
|
|a СПб.
|c Корона-Век
|d 2009
|
| 215 |
|
|
|a 304 с.
|c ил.
|
| 320 |
|
|
|a Библиогр.: с. 297.
|
| 320 |
|
|
|a Предметный указатель: с. 298-301.
|
| 330 |
|
|
|a Учебное пособие состоит из двух разделов. Первый раздел содержит сведения, относящиеся к фундаментальным основам электротехники, теории электрических цепей постоянного и переменного тока, а также магнитным цепям. Во втором разделе излагается принцип действия, вопросы теории, примеры расчета характеристик основных типов электрических машин: постоянного тока, асинхронных и синхронных машин. Предназначено для студентов приборостроительных, машиностроительных специальностей, а также инженерно- техническим работникам, сталкивающимся с электрооборудованием и электрическими машинами.
|
| 606 |
1 |
|
|a Электротехника общая
|2 stltpush
|3 (RuTPU)RU\TPU\subj\20906
|9 45967
|
| 606 |
1 |
|
|a Электрические машины
|2 stltpush
|3 (RuTPU)RU\TPU\subj\27074
|9 50877
|
| 610 |
1 |
|
|a электрические цепи
|
| 610 |
1 |
|
|a цепи переменного тока
|
| 610 |
1 |
|
|a трехфазные цепи
|
| 610 |
1 |
|
|a переходные процессы
|
| 610 |
1 |
|
|a нелинейные электрические цепи
|
| 610 |
1 |
|
|a магнитные цепи переменного тока
|
| 610 |
1 |
|
|a трансформаторы
|
| 610 |
1 |
|
|a машины постоянного тока
|
| 610 |
1 |
|
|a асинхронные машины
|
| 610 |
1 |
|
|a синхронные машины
|
| 610 |
1 |
|
|a учебные пособия
|
| 675 |
|
|
|a 621.3(075.8)
|v 3
|
| 675 |
|
|
|a 621.313(075.8)
|v 3
|
| 700 |
|
1 |
|a Мальц
|b Э. Л.
|g Эдуард Лазаревич
|
| 701 |
|
1 |
|a Мустафаев
|b Ю. Н.
|g Юсуф Ниязович
|
| 801 |
|
1 |
|a RU
|b 63413507
|c 20101117
|
| 801 |
|
2 |
|a RU
|b 63413507
|c 20150610
|g RCR
|
| 942 |
|
|
|c BK
|